Central Library OPAC University of Rajshahi

The evolution of man / (Record no. 74994)

MARC details
000 -LEADER
fixed length control field 01042cam a2200337 a 4500
001 - CONTROL NUMBER
control field 74994
003 - CONTROL NUMBER IDENTIFIER
rucl marc code BD-RjUL
005 - DATE AND TIME OF LATEST TRANSACTION
control field 20211209082630.0
008 - FIXED-LENGTH DATA ELEMENTS--GENERAL INFORMATION
fixed length control field 760811s1976 miua 001 0 eng
020 ## - INTERNATIONAL STANDARD BOOK NUMBER
International Standard Book Number 0472001205
Terms of availability $6.95.
International Standard Book Number 0472050206
Qualifying information paperback
Terms of availability $2.95
035 ## - SYSTEM CONTROL NUMBER
System control number (BD-RjUL)75212
System control number 2120827
040 ## - CATALOGING SOURCE
Original cataloging agency LC
Language of cataloging eng
Transcribing agency LC
Modifying agency LC
041 1# - LANGUAGE CODE
Language code of text/sound track or separate title eng
-- ger
082 04 - DEWEY DECIMAL CLASSIFICATION NUMBER
Classification number 599.938
Edition number 23
Author mark and year KOE 1962
100 1# - MAIN ENTRY--PERSONAL NAME
Personal name Koenigswald, G. H. R. von
Fuller form of name (Gustav Heinrich Ralph),
Dates associated with a name 1902-1982
9 (RLIN) 226662
245 14 - TITLE STATEMENT
Title The evolution of man /
Statement of responsibility, etc. by G. H. R. von Koenigswald.
260 ## - PUBLICATION, DISTRIBUTION, ETC. (IMPRINT)
Place of publication, distribution, etc. Ann Arbor :
Name of publisher, distributor, etc. University of Michigan Press,
Date of publication, distribution, etc. c1962
300 ## - PHYSICAL DESCRIPTION
Pagination 148 p. :
Illustrations ill. ;
Size 22 cm.
490 0# - SERIES STATEMENT
Series statement Ann Arbor science library
500 ## - GENERAL NOTE
General note Translation of Die Geschichte des Menschen.
General note Includes index.
650 #0 - SUBJECT ADDED ENTRY--TOPICAL TERM
Topical term or geographic name as entry element Human evolution.
9 (RLIN) 226663
942 ## - ADDED ENTRY ELEMENTS (KOHA)
Source of classification or shelving scheme Dewey Decimal Classification
Koha item type Books
Holdings
Lost status Source of classification or shelving scheme Damaged status Not for loan Collection code Permanent Location Current Location Shelving location Date acquired Source of acquisition Total Checkouts Full call number Date last seen Copy number Koha item type
  Dewey Decimal Classification   Not For Loan Non-fiction Central Library, University of Rajshahi Central Library, University of Rajshahi Reading Room 09/12/2021 Asia Foundation san Francisco. California. U:S.A.   599.938 KOE 1962 06/01/2019 C-1 Books